Asesinato en el Orient Express (Registro nro. 58017)

Detalles MARC
000 -CABECERA
Longitud fija campo de control 01130nam a2200361 c 4500
003 - IDENTIFICADOR DEL NUMERO DE CONTROL
Identificador del número de control CO-BoRNBP
005 - FECHA Y HORA DE LA ULTIMA TRANSACCION
Fecha y hora de la última transacción 20250819203512.0
007 - CAMPO FIJO DE DESCRIPCION FISICA
Campo fijo de descripción física ta
008 - CODIGOS DE INFORMACION DE LONGITUD FIJA
Códigos de información de longitud fija 220322s2021 sp | |||| 000 f spa
020 ## - NUMERO INTERNACIONAL NORMALIZADO PARA LIBROS
Número Internacional Normalizado para Libros (ISBN) 9788411090681
Información calificativa o.c.
020 ## - NUMERO INTERNACIONAL NORMALIZADO PARA LIBROS
Número Internacional Normalizado para Libros (ISBN) 9788411090698
Información calificativa vol. 1
040 ## - FUENTE DE LA CATALOGACION
Centro catalogador de origen CO-BoRNBP
Lengua de catalogación spa
Centro transcriptor CO-BoRNBP
Normas de descripción rda
041 1# - CODIGO DE LENGUA
Código de lengua del texto/banda sonora o título independiente spa
Código de lengua original eng
084 ## - Clasificación Local Alfanúmerica PNLB
Número de clasificación N CHR1
100 1# - PUNTO DE ACCESO PRINCIPAL-NOMBRE DE PERSONA
Nombre de persona Christie, Agatha
Fechas asociadas al nombre 1890-1976
Término indicativo de función autor
240 10 - TITULO UNIFORME
Título uniforme <a href="Murder on the Orient Express">Murder on the Orient Express</a>
245 10 - TITULO PROPIAMENTE DICHO
Título Asesinato en el Orient Express
Mención de responsabilidad, etc. Agatha Christie ; traducción de Eduardo Machado Quevedo
250 ## - MENCION DE EDICION
Mención de edición 1a. edición
264 #1 - PRODUCCION, PUBLICACION , DISTRIBUCION, FABRICACION Y COPYRIGHT
Lugar de producción, publicación, distribución, fabricación Barcelona (España)
Nombre del productor, editor, distribuidor, fabricante Planeta DeAgostini,
Fecha de de producción, publicación, distribución, fabricación o copyright [2021]
300 ## - DESCRIPCION FISICA
Extensión 236 páginas
Dimensiones 24 cm
336 ## - TIPO DE CONTENIDO
Término de tipo de contenido Texto
Fuente rdacontent
Código de tipo de contenido txt
337 ## - TIPO DE MEDIO
Nombre del tipo de medio sin mediación
Fuente rdamedia
Código del tipo de medio n
338 ## - TIPO DE SOPORTE
Nombre del tipo de soporte volumen
Fuente rdacarrier
Código del tipo de soporte nc
650 17 - PUNTO DE ACCESO ADICIONAL DE MATERIA - TERMINO DE MATERIA
Fuente del encabezamiento LEMB
Término de materia o nombre geográfico como elemento inicial Literatura inglesa
650 17 - PUNTO DE ACCESO ADICIONAL DE MATERIA - TERMINO DE MATERIA
Fuente del encabezamiento LEMB
Término de materia o nombre geográfico como elemento inicial Novela inglesa
650 17 - PUNTO DE ACCESO ADICIONAL DE MATERIA - TERMINO DE MATERIA
Fuente del encabezamiento LEMB
Término de materia o nombre geográfico como elemento inicial Misterio en la literatura
650 17 - PUNTO DE ACCESO ADICIONAL DE MATERIA - TERMINO DE MATERIA
Fuente del encabezamiento LEMB
Término de materia o nombre geográfico como elemento inicial Novela policiaca
653 ## - •TERMINO DE INDIZACION - NO CONTROLADO
Término no controlado Detectives
653 ## - •TERMINO DE INDIZACION - NO CONTROLADO
Término no controlado Asesinos
700 1# - PUNTO DE ACCESO ADICIONAL - NOMBRE DE PERSONA
Nombre de persona Macho Quevedo, E.
Término indicativo de función traductor
942 ## - ENTRADA DE ELEMENTOS AGREGADOS (KOHA)
Fuente de clasificaión o esquema Clasificación Local Facetada
Koha [por defecto] tipo de item Libro Literatura
Existencias
Perdido Fuente de clasificaci&oacute;n o esquema Estado Físico No para pr&eacute;stamo Forma de adquisición Localizaci&oacute;n permanente Localizaci&oacute;n actual Localización en estanterías Fecha adquisici&oacute;n Pr&eacute;stamos totales Signatura completa C&oacute;digo de barras Fecha &uacute;ltima consulta N&uacute;mero de copia Fecha del precio de reemplazo Tipo de item de Koha
  Clasificación Local Facetada     Colección General Biblioteca Pública Acacias - Carlos María Hernández Rojas Biblioteca Pública Acacias - Carlos María Hernández Rojas Literatura 08/14/2025   N CHR1 ACA09459 08/14/2025 Ej.1 08/14/2025 Libro Literatura









Instituto Departamental de Cultura del Meta - Red Departamental de Bibliotecas Públicas del Meta.